15 Kalleinta rakennusta maailmassa - Statistics

Yleistilastot
  • Tätä visaa on pelattu 18 kertaa
  • Keskiarvotulos 7 / 15
Vastaustilastot
Nimellishinta (US$) Rakennus Valtio % Oikein
120 mrd The Great Mosque of Mecca Saudi Arabia
94%
12,4 mrd Olkiluoto 3 (ydinvoimala) Suomi
88%
5 mrd Apple Park (Applen pääkonttori) Yhdysvallat
69%
30 mrd Plant Vogtle (ydinvoimala) Yhdysvallat
63%
40 mrd Hinkley Point C (ydinvoimala) Yhdistynyt Kuningaskunta
56%
5,5 mrd SoFi Stadium (monikäyttöinen areena) Yhdysvallat
56%
16 mrd Abraj Al Bait (kellotorni ja hotelli) Saudi Arabia
50%
25 mrd ITER (energiantuotanto) Ranska
44%
21,93 mrd Flamanville 3 (ydinvoimala) Ranska
38%
5,5 mrd Marina Bay Sands (hotelli) Singapore
31%
12,65 mrd Rooppur Nuclear Power Plant Bangladesh
25%
5,32 mrd Marina One (asuntoja, toimistoja, yms) Singapore
25%
4,93 mrd Resorts World Sentosa (Casino, vesipuisto, yms) Singapore
25%
7,61 mrd Mochovce Nuclear Power Plant Slovakia
19%
20 mrd Akkuyu Nuclear Plant (ydinvoimala) Turkki
13%
Ehtoja vastaavia visoja ei löytynyt
Tulosjakauma
Jokaisen tuloksen saaneiden osuus
Persentiili vastausten määrän mukaan
Tuloshistoriasi
Et ole pelannut tätä visaa